| 000 -LEADER |
| fixed length control field |
00869nam a22002057a 4500 |
| 008 - FIXED-LENGTH DATA ELEMENTS--GENERAL INFORMATION |
| fixed length control field |
151009b xxu||||| |||| 00| 0 eng d |
| 020 ## - INTERNATIONAL STANDARD BOOK NUMBER |
| International Standard Book Number |
0080416977 : |
| 041 0# - LANGUAGE CODE |
| Language code of text/sound track or separate title |
eng |
| 080 ## - UNIVERSAL DECIMAL CLASSIFICATION NUMBER |
| Universal Decimal Classification number |
004 |
| 245 00 - TITLE STATEMENT |
| Title |
Safety of computer control systems, 1991 (SAFECOMP '91) : |
| Statement of responsibility, etc |
edited by J.F. Lindeberg. |
| 250 ## - |
| -- |
1st ed. |
| 260 ## - |
| -- |
Oxford, England ; |
| -- |
New York : |
| -- |
Published for the International Federation of Automatic Control by Pergamon Press, |
| -- |
1991. |
| 300 ## - |
| -- |
xi, 184 f. : |
| -- |
me il.; |
| -- |
31 cm. |
| 650 #0 - |
| -- |
Kontrolli automatik |
| 650 #0 - |
| -- |
Kompjuterët |
| 650 #0 - |
| -- |
Siguria e kompjuterëve |
| 700 1# - |
| -- |
Lindeberg, J. F. |
| 710 2# - |
| -- |
International Federation of Automatic Control. |
| 942 ## - ADDED ENTRY ELEMENTS (KOHA) |
| Source of classification or shelving scheme |
|
| Item type |
Books |